|
|
|
|
| LEADER |
01744cam a2200469 i 4500 |
| 001 |
nkc20142569774 |
| 003 |
CZ PrNK |
| 005 |
20151126062426.0 |
| 007 |
ta |
| 008 |
130916s2013 xr a b 000 p cze d |
| 015 |
|
|
|a cnb002569774
|
| 020 |
|
|
|a 978-80-7292-279-6
|q (vázáno)
|
| 040 |
|
|
|a TRG001
|b cze
|d CBA001
|d BOA001
|e rda
|
| 072 |
|
7 |
|a 373.2/.3
|x Předškolní a primární výchova a vzdělávání
|2 Konspekt
|9 22
|
| 072 |
|
7 |
|a 0/9-053.2
|x Literatura pro děti a mládež (naučná)
|2 Konspekt
|9 26
|
| 080 |
|
|
|a 003.081
|2 MRF
|
| 080 |
|
|
|a 003.23.081
|2 MRF
|
| 080 |
|
|
|a 316.346.32-053.4
|2 MRF
|
| 080 |
|
|
|a (0:82-1)
|2 MRF
|
| 080 |
|
|
|a (0.053.2)
|2 MRF
|
| 100 |
1 |
|
|a Tachezy, Andrea,
|d 1966-
|7 jn20000402331
|4 ill
|
| 245 |
1 |
0 |
|a Abeceda s básničkami /
|c ilustrace Andrea Tachezy ; texty, úkoly Ivana Kocmanová ; básničky Jarmila Léblová
|
| 264 |
|
1 |
|a Praha :
|b Axióma,
|c 2013
|
| 300 |
|
|
|a 30 stran :
|b barevné ilustrace ;
|c 24 cm
|
| 336 |
|
|
|a text
|b txt
|2 rdacontent
|
| 336 |
|
|
|a statický obraz
|b sti
|2 rdacontent
|
| 337 |
|
|
|a bez média
|b n
|2 rdamedia
|
| 338 |
|
|
|a svazek
|b nc
|2 rdacarrier
|
| 490 |
1 |
|
|a Než půjdu do školy
|
| 650 |
0 |
7 |
|a písmena
|7 ph276422
|2 czenas
|
| 650 |
0 |
7 |
|a abeceda
|7 ph120107
|2 czenas
|
| 650 |
0 |
7 |
|a děti předškolního věku
|7 ph119710
|2 czenas
|
| 655 |
|
7 |
|a česká poezie
|7 fd133958
|2 czenas
|
| 655 |
|
7 |
|a publikace pro děti
|7 fd133156
|2 czenas
|
| 700 |
1 |
|
|a Kocmanová, Ivana,
|d 1973-
|7 xx0042263
|4 aut
|
| 700 |
1 |
|
|a Léblová, Jarmila
|7 xx0033763
|4 aut
|
| 830 |
|
0 |
|a Než půjdu do školy (Axióma)
|
| 910 |
2 |
|
|a BOA001
|b 2-1355.630
|
| 990 |
|
|
|a BK
|
| 995 |
|
|
|a 60
|
| 991 |
|
|
|b 201511
|c NOV
|
| 996 |
6 |
|
|b 2610650436
|c 2-1355.630
|l MZK
|r Sklad / do 1 hodiny
|n 1
|p p.v.
|w 001531115
|u 000010
|a 1
|e BOA001
|j MZK50
|s P
|